000 00498pab a2200181 454500
008 180718b2006 xxu||||| |||| 00| 0 eng d
100 _aRodriguez, Daniel A.
245 _aTransport implications of urban containment policies: a study of the largest twenty-five US metropolitan areas
260 _c2006
300 _ap.1879-897.
362 _aSep
650 _aTransport
700 _aAytur, Semra A.
700 _aTarga, Felipe
773 _aUrban Studies
908 _aN
909 _a74983
999 _c74983
_d74983